000 00454nam a2200181Ia 4500
005 20250326125650.0
008 250326s9999 xx 000 0 und d
037 _aTextbook
040 _aFMSL
_beng
_cFMSL
041 _aeng
_2eng
084 _aX:81 J2
_qFMSL
100 _aRose T G
245 0 _aCompany control
_cRose T G
260 _aLondon
_bLondon, Gee
_c1952
300 _a40p
942 _cTB
_hX:81 J2
999 _c1279023
_d1279023